000 00304nam a22001337a 4500
008 170504b xxu||||| |||| 00| 0 eng d
020 _a9781428304420
041 _aeng
080 _a34
100 _a13
101 _aSHJ
245 _aLEGAL RESEARCH ANALYSIS WRITING
_cPUTMAN.W.H
942 _2udc
_cBK
999 _c12636
_d12636